| 000 | 01349nam a2200325 i 4500 | ||
|---|---|---|---|
| 003 | EG-GICUC | ||
| 005 | 20260121101537.0 | ||
| 008 | 251224s2008 ua ||||fr||| 0||| ||ara|d | ||
| 017 | _a200819094 | ||
| 040 |
_a EG-GICUC _bara _c EG-GICUC _d EG-GICUC _erda |
||
| 041 | 0 | _aara | |
| 082 | 0 | 4 |
_221 _a345.47 _bب ي . ه |
| 092 | 0 | 4 | _221 |
| 099 | _aLaw1 07 345.47 ب ي . ه 1 ed - 2008 | ||
| 100 | 0 |
_aبيلى إبراهيم أحمد العليمى _eمؤلف. |
|
| 245 | 1 | 0 |
_aهذا هو المعيار الكفء للإحالة إلى التقاعد للعاملين فى الحكومة والقطاع العام : _bنظرة إقتصادية إسلامية مقارنة / _cبيلى إبراهيم أحمد العليمى. |
| 250 | _aالطبعة الاولى | ||
| 264 | 1 |
_aالقاهرة : _b[اسم الناشر غير محدد], _c2008. |
|
| 300 |
_a523 صفحة ; _c24 سم. |
||
| 336 |
_2rda content _atext |
||
| 337 |
_2rda media _aComputer |
||
| 338 |
_2rda carrier _aOnline Resource |
||
| 504 | _aيحتوي على قائمة بالمراجع | ||
| 546 | _aالنص باللغة العربية | ||
| 650 | 1 | 4 |
_aانتهاء الرابطة الوظيفية _xالقانون الاداري _2qrmak |
| 651 | 1 | _2qrmak | |
| 856 | 4 | 0 | _uhttps://fll.law.cu.edu.eg/fulltext/bks/B07-01883.pdf |
| 905 | _a75 | ||
| 942 |
_2ddc _cBK _e21 _n0 |
||
| 999 |
_c52495 _d52495 |
||